| 000 | 00463nam a22001697a 4500 | ||
|---|---|---|---|
| 003 | CEME | ||
| 005 | 20210628202731.0 | ||
| 008 | 210203b xxu||||| |||| 00| 0 eng d | ||
| 040 | _c. | ||
| 082 | _a297.4 GHA | ||
| 100 |
_aGhazali, Iman Abu Hamid _961325 |
||
| 245 | _aAhyaaey aloom, mazakh - ul - arfeen | ||
| 250 | _a4VOLS | ||
| 260 |
_aLAHORE _bMAKTAB-E-REHMANIA _c2002 |
||
| 650 |
_aISLAM-AHYAAEY ALOOM.ISLAM-MAZAKH - UL - ARFEEN _961326 |
||
| 942 |
_cBK _2ddc |
||
| 999 |
_c570815 _d570815 |
||